| 000 | 00704nam a22002057a 4500 | ||
|---|---|---|---|
| 999 |
_c18445 _d18445 |
||
| 003 | AR-CdUCM | ||
| 008 | 190514b ||||| |||| 00| 0 spa d | ||
| 040 |
_aMUNICIPALIDAD PROVINCIAL DEL CUSCO _cBIBLIOTECA MUNICIPAL DEL CUSCO |
||
| 082 |
_22ed. _a312 / _bV62 |
||
| 100 |
_aViel, Benjamín _939044 |
||
| 245 |
_aExplosión demográfica : _b¿Cuantos son demasiados? / |
||
| 260 |
_aMéxico : _bPax-México, _c1970. |
||
| 300 |
_a303 páginas; _c22 cm. |
||
| 505 | _aContenido : El problema biológico -- El problema numérico -- El problema económico ... | ||
| 650 |
_aSociedad _953 |
||
| 650 |
_aEconómico _918840 |
||
| 650 |
_aDemografía _91556 |
||
| 942 |
_2ddc _cLIBROS |
||
| 945 |
_arah _d2019/05/14 |
||